Ministry of home affairs department of national registration annual report (1975, 1977, 1978, 1980) (Record no. 77690)
[ view plain ]
| 000 -LEADER | |
|---|---|
| fixed length control field | 00882nam a2200169 a 4500 |
| 008 - FIXED-LENGTH DATA ELEMENTS--GENERAL INFORMATION | |
| fixed length control field | 090518s1975 ||||||||||||||||| || u |
| 050 ## - LIBRARY OF CONGRESS CALL NUMBER | |
| Classification number | GOV.ZAM.H6(058) |
| 110 ## - MAIN ENTRY--CORPORATE NAME | |
| Corporate name or jurisdiction name as entry element | Government of the Republic of Zambia. Ministry of Home Affairs |
| 245 10 - TITLE STATEMENT | |
| Title | Ministry of home affairs department of national registration annual report (1975, 1977, 1978, 1980) |
| 260 ## - PUBLICATION, DISTRIBUTION, ETC. | |
| Place of publication, distribution, etc. | Lusaka: |
| Name of publisher, distributor, etc. | Government Printer |
| Date of publication, distribution, etc. | 1975 |
| 300 ## - PHYSICAL DESCRIPTION | |
| Extent | 17p. |
| 350 ## - | |
| -- | 0.00 |
| 500 ## - GENERAL NOTE | |
| General note | LIBRARY HOLDINGS: 1975, 1977, 1978, 1980 |
| 650 ## - SUBJECT ADDED ENTRY--TOPICAL TERM | |
| Topical term or geographic name entry element | MINISTRY OF HOME AFFAIRS--ANNUAL REPORT |
| 995 ## - | |
| -- | SPECIAL COLLECTIONS |
| -- | 0.00 |
| -- | 03003980 |
| -- | CBU-MAIN LIBRARY (Kitwe) |
| -- | 1 |
| -- | 0.00 |
| -- | GOV.ZAM(058)DNR/1977 |
| -- | 1 |
| -- | AVAILABLE |
| -- | May 18, 2009 |
| -- | 03003980 |
| -- | Zambiana Collection |
| 995 ## - | |
| -- | SPECIAL COLLECTIONS |
| -- | 0.00 |
| -- | 03003982 |
| -- | CBU-MAIN LIBRARY (Kitwe) |
| -- | 1 |
| -- | 0.00 |
| -- | GOV.ZAM.H6(058)DNR/1977 |
| -- | 1977 |
| -- | AVAILABLE |
| -- | May 18, 2009 |
| -- | 03003982 |
| -- | Zambiana Collection |
| 999 ## - | |
| -- | 77690 |
| -- | 77690 |
| Withdrawn status | Lost status | Source of classification or shelving scheme | Damaged status | Not for loan | Permanent Location | Current Location | Shelving location | Date acquired | Total Checkouts | Full call number | Barcode | Date last seen | Copy number | Price effective from | Koha item type |
|---|---|---|---|---|---|---|---|---|---|---|---|---|---|---|---|
| CBU-MAIN LIBRARY, KITWE. | CBU-MAIN LIBRARY, KITWE. | 05/03/2023 | GOV.ZAM(058)DNR/1977 | 03003980 | 05/03/2023 | 1 | 05/03/2023 | SPECIAL COLLECTION | |||||||
| CBU-MAIN LIBRARY, KITWE. | CBU-MAIN LIBRARY, KITWE. | 05/03/2023 | GOV.ZAM(058)DNR/1977 | 03003982 | 05/03/2023 | 2 | 05/03/2023 | SPECIAL COLLECTION |